|
|
|
|
| LEADER |
00000nab a2200000 a 4500 |
| 001 |
vtls000687633 |
| 003 |
SK-MaSNL |
| 005 |
20260304093815.0 |
| 008 |
250425c1999 xo 0 slo |
| 015 |
|
|
|a SNBRB1999/03-07403
|
| 035 |
|
|
|a CLN000039800
|
| 035 |
|
|
|a urn:nbn:sk:snk-abdq3l
|
| 035 |
|
|
|a (urnnbn)urn:nbn:sk:snk:ar-001fpz
|
| 035 |
|
|
|a (uuid)18bfb8af-c243-4235-9aa6-5979574c51dd
|
| 040 |
|
|
|a SNKBUCL
|b slo
|c SNKBUCL
|e AACR2
|
| 041 |
0 |
|
|a slo
|
| 044 |
|
|
|a xo
|c SK
|
| 080 |
|
|
|a 792.071.2
|2 1997
|
| 080 |
|
|
|a 791.44.071.2
|2 1997
|
| 080 |
|
|
|a 929 Šulík, Anton
|2 1997
|
| 100 |
1 |
|
|a Hriadel, Viliam,
|d 1945-
|4 aut
|9 249822
|
| 245 |
1 |
0 |
|a Trikrát s Tonkom Šulíkom
|b (27.3.1931-11.1.1999)
|c Viliam Hriadel
|
| 300 |
|
|
|b Fotogr.
|
| 600 |
1 |
7 |
|a Šulík, Anton,
|d 1931-1999
|2 snkbucl
|9 37208
|
| 655 |
|
7 |
|a profily
|2 snkbucl
|9 341977
|
| 655 |
|
7 |
|a články z novín a časopisov
|2 snkbucl
|9 267496
|
| 773 |
0 |
|
|t Javisko
|g Roč. 31, č. 2 (1999), s. 38
|x 0323-2883
|
| 850 |
|
|
|a Slovenská národná knižnica
|
| 852 |
|
|
|a Slovenská národná knižnica
|
| 954 |
|
|
|a odborná, vedecká literatúra pôvodná (slovenská)
|2 lita
|
| 958 |
|
|
|a article19
|
| 958 |
|
|
|a OND
|
| 958 |
|
|
|a EUIPO
|
| 992 |
|
|
|a RBX
|
| 999 |
|
|
|c 2824613
|d 2826543
|